Encyklopedie antiky

Guardado en:
Detalles Bibliográficos
Formato: Libro
Lenguaje:checo
Publicado: Praha : Academia, 1974
Edición:2.vyd.
Materias:
Etiquetas: Agregar Etiqueta
Sin Etiquetas, Sea el primero en etiquetar este registro!

MARC

LEADER 00000nam a22000003a 4500
001 stu35941
005 20150408180938.3
008 920518s1974----cs------------------cze-d
040 |a STU  |b slo 
041 0 |a cze 
044 |a cs 
080 |a 7.032(031)  |7 stu_us_auth*stu2816 
245 |a Encyklopedie antiky 
250 |a 2.vyd. 
260 |a Praha :  |b Academia,  |c 1974 
300 |a 741 s :  |b príl 
650 7 |a antika  |2 stusub 
650 7 |a encyklopédie  |2 stusub 
996 |b 284M061362  |c M*7174-1  |l MMKN  |s A  |a 24  |w stu35941_0001 
996 |b 284V028797  |c V*10315/E-930  |l VVT  |s A  |a 24  |w stu35941_0002